| 000 | 00973nam a2200277 a 4500 | ||
|---|---|---|---|
| 999 |
_c7075 _d7075 |
||
| 001 | 7075 | ||
| 003 | UkOxU | ||
| 005 | 20180416094723.0 | ||
| 008 | 880808s1963 enka b 000 0 eng | ||
| 035 | _a(BD-JhCC)7075 | ||
| 040 |
_aDLC _cYNG _dm.c _dSER |
||
| 041 | _aeng | ||
| 082 |
_a331.15 _bJAQ 1963 |
||
| 100 | 1 | _aJaques, Elliott. | |
| 245 | 1 | 4 |
_aThe changing culture of a factory _cElliott Jaques, |
| 260 |
_aLondon : _bTavistock Publications, _c[1951] |
||
| 300 |
_axvii, 336 p. : _bdiagrs ; _c23 cm |
||
| 500 | _aThe preparation of this book has been the result of the closest collaboration between the author, his colleagues from the Tavistock Institute of Human Relations and the members of the Glacier Metal Company | ||
| 504 | _aBibliography: p. 335-336 | ||
| 610 | 2 | 0 | _aGlacier Metal Company |
| 650 | 0 | _aIndustrial relations | |
| 650 | 0 | _aPersonnel management | |
| 710 | 2 | _aTavistock Institute of Human Relations. | |
| 942 |
_2ddc _cBK |
||